| 000 | 00515nam a2200181 i 4500 | ||
|---|---|---|---|
| 001 | 40705 | ||
| 003 | ES-MaACL | ||
| 005 | 20230906160308.0 | ||
| 007 | t| | ||
| 008 | 030306q19001999sp |||| | spa d | ||
| 100 | 1 |
_aCarreras, C. Miguel. _935650 |
|
| 245 | 1 | 0 |
_aMétodo teórico-práctico de taquigrafía en "Braille" / _cC. Miguel Carrero. |
| 260 |
_a[S.l. : _bs.n., _c19--] |
||
| 300 |
_a80 p. ; _c27 cm. |
||
| 650 | 0 | 4 |
_aTaquigrafía. _917284 |
| 650 | 4 |
_aSistema Braille. _9170792 |
|
| 852 |
_aES-MaACL _jC-14133 |
||
| 999 |
_c40705 _d40705 |
||